<?xml version="1.0" encoding="UTF-8"?>
<marc:record xmlns:marc="http://www.loc.gov/MARC21/slim">
   <marc:leader>00000nam a2200000 a 4500</marc:leader>
   <marc:datafield ind1="1" ind2=" " tag="100">
      <marc:subfield code="a">Kollmann, Bernd</marc:subfield>
      <marc:subfield code="4">aut</marc:subfield>
      <marc:subfield code="e">Verfasser/-in</marc:subfield>
   </marc:datafield>
   <marc:datafield ind1="0" ind2="0" tag="245">
      <marc:subfield code="a">Jesus-Mythen. Die -</marc:subfield>
   </marc:datafield>
   <marc:datafield ind1="0" ind2="0" tag="245">
      <marc:subfield code="b">Sensationen und Legenden</marc:subfield>
   </marc:datafield>
   <marc:datafield ind1="0" ind2="0" tag="245">
      <marc:subfield code="c">Kollmann, Bernd</marc:subfield>
   </marc:datafield>
   <marc:datafield ind1=" " ind2="1" tag="264">
      <marc:subfield code="a">Freiburg</marc:subfield>
   </marc:datafield>
   <marc:datafield ind1="1" ind2=" " tag="520">
      <marc:subfield code="a">Das Leben Jesu ist an Geheimnissen ohnehin nicht arm. Darüber hinaus hat es magisch eine große Zahl an Legenden und Mythen angezogen, die es mal mehr, mal weniger spektakulär umranken. Bernd Kollmann nimmt über 20 solcher Mythen unter die Lupe und setzt sie einer kritischen und zugleich spannenden Untersuchung aus: War Jesus das uneheliche Kind eines römischen Offiziers? Hat Jesus die Kreuzigung überlebt, oder wurde gar der Falsche gekreuzigt? Hat Jesus seinen Lebensabend im Kreis der Familie in Indien verbracht? Zeigt das Turiner Grabtuch ein Porträt Jesu? Ist das Abbild auf dem Muschelseidentuch von Manoppello authentisch?</marc:subfield>
   </marc:datafield>
   <marc:datafield ind1=" " ind2=" " tag="338">
      <marc:subfield code="a">Band</marc:subfield>
   </marc:datafield>
   <marc:datafield ind1=" " ind2=" " tag="300">
      <marc:subfield code="a">199S.</marc:subfield>
   </marc:datafield>
</marc:record>
